[Event "46th Bosna it"]
[Site "Sarajevo BIH"]
[Date "2016.06.02"]
[Round "8.46"]
[White "Markovic, Rade A"]
[Black "Lakovic, Igor"]
[Result "0-1"]
[WhiteElo "1730"]
[BlackElo "1944"]
[EventDate "2016.05.28"]
[PlyCount "46"]

1.e4 c6 2.d4 d5 3.exd5 cxd5 4.c4 Nf6 5.Nc3 e6 6.Nf3 Bb4 7.Bd3 dxc4 8.Bxc4 
O-O 9.O-O b6 10.Bg5 Bb7 11.Bd3 Bxc3 12.bxc3 Nbd7 13.Ne5 Nxe5 14.Bxf6 Qxf6 
15.dxe5 Qg5 16.g3 Qxe5 17.Qc2 g6 18.Rae1 Qc5 19.h4 Rac8 20.c4 Rfd8 21.Re3 
Rd4 22.Rfe1 Rcd8 23.Re5 Qc7 0-1

[Event "46th Bosna it"]
[Site "Sarajevo BIH"]
[Date "2016.06.02"]
[Round "8.50"]
[White "Maric, Vedran"]
[Black "Draganovic, Sulejman"]
[Result "1/2-1/2"]
[WhiteElo "1588"]
[BlackElo "2082"]
[EventDate "2016.05.28"]
[PlyCount "52"]

1.e4 c5 2.Nf3 Nc6 3.c3 e6 4.d4 d5 5.dxc5 Bxc5 6.exd5 exd5 7.Be2 Nf6 8.O-O 
O-O 9.Nbd2 Be6 10.Nb3 Bb6 11.Nfd4 Ne4 12.Bf3 Ng5 13.Bg4 Nxd4 14.Nxd4 Bxd4 
15.Qxd4 Ne4 16.Bxe6 fxe6 17.c4 Qf6 18.Qxf6 Nxf6 19.cxd5 exd5 20.Bg5 Kf7 
21.Bxf6 Kxf6 22.Rad1 Rfd8 23.Rd2 Rd7 24.Rfd1 Rc8 25.g3 Rc5 26.Kg2 a6 
1/2-1/2

[Event "46th Bosna it"]
[Site "Sarajevo BIH"]
[Date "2016.06.02"]
[Round "8.51"]
[White "Medic, Nevenko"]
[Black "Sinik, Yagmur"]
[Result "1-0"]
[WhiteElo "2000"]
[BlackElo "1394"]
[EventDate "2016.05.28"]
[PlyCount "32"]

1.d4 d5 2.c4 c6 3.Nc3 Nf6 4.Nf3 Nbd7 5.Bg5 e6 6.e3 Be7 7.e4 b6 8.b4 Bb7 9.
Bd3 O-O 10.O-O Qc8 11.Qe2 b5 12.a4 a6 13.Ra2 Bd8 14.Rfa1 Bc7 15.Qc2 h6 16.
Bh4 e5 1-0

[Event "46th Bosna it"]
[Site "Sarajevo BIH"]
[Date "2016.06.02"]
[Round "8.52"]
[White "Sajin, Mladen"]
[Black "Kocanovic, Armin"]
[Result "0-1"]
[WhiteElo "1892"]
[BlackElo "1592"]
[EventDate "2016.05.28"]
[PlyCount "127"]

1.d4 Nf6 2.c4 e6 3.Nf3 d5 4.Nc3 Be7 5.Bg5 O-O 6.e3 b6 7.cxd5 exd5 8.Qc2 c5
9.dxc5 bxc5 10.Rd1 Bb7 11.Be2 Nbd7 12.O-O Rc8 13.Qa4 Qc7 14.Rc1 Qb6 15.Qb5
Bc6 16.Qxb6 axb6 17.Rfd1 Rfd8 18.b3 Nf8 19.Nb5 Ra8 20.a4 Ng6 21.Nh4 Ne4 
22.Bxe7 Nxe7 23.Nf3 Ng6 24.h4 f6 25.h5 Ne5 26.Nh4 Kf7 27.Nc3 d4 28.exd4 
cxd4 29.Nxe4 Bxe4 30.Rc7+ Kg8 31.Bb5 d3 32.f3 Bd5 33.f4 Bxb3 34.Rd2 Bxa4 
35.Bxa4 Rxa4 36.fxe5 Rxh4 37.e6 Re4 38.Rxd3 Re8 39.Rdd7 Rg4 40.Rc6 Re4 41.
Rcc7 Rg4 42.Rb7 Rg5 43.h6 gxh6 44.Rxb6 Rg7 45.Kf2 Rxd7 46.exd7 Rd8 47.Rb7 
Kf7 48.Ke3 Ke7 49.Kf4 Rxd7 50.Rxd7+ Kxd7 51.Kf5 Ke7 52.Kg4 Kf7 53.Kh5 Kg7 
54.g4 Kf7 55.Kxh6 Kg8 56.Kh5 Kg7 57.Kh4 Kg6 58.Kg3 Kg5 59.Kf3 Kh4 60.Kf4 
h6 61.Kf3 Kh3 62.Kf4 Kg2 63.Ke4 Kg3 64.Kf5 0-1

[Event "46th Bosna it"]
[Site "Sarajevo BIH"]
[Date "2016.06.02"]
[Round "8.53"]
[White "Pleh, Semir"]
[Black "Agic, Ahmed"]
[Result "1-0"]
[WhiteElo "1715"]
[BlackElo "1856"]
[EventDate "2016.05.28"]
[PlyCount "151"]

1.d4 Nf6 2.c4 e6 3.Nc3 c6 4.Nf3 d5 5.e3 Nbd7 6.Bd3 Qc7 7.O-O Be7 8.b3 O-O 
9.Bb2 a6 10.Rc1 h6 11.Re1 Bb4 12.a3 Bxc3 13.Bxc3 Re8 14.h3 Ne4 15.Bb2 f5 
16.Nh4 Qd8 17.Ng6 Qg5 18.Ne5 Nxe5 19.dxe5 Rf8 20.f3 Ng3 21.f4 Qg6 22.Qf3 
Bd7 23.Kh2 Ne4 24.Rg1 Qh7 25.g4 Be8 26.cxd5 cxd5 27.Rc7 Rf7 28.Rgc1 Rxc7 
29.Rxc7 Bc6 30.Bd4 Qg6 31.Qg2 fxg4 32.hxg4 h5 33.f5 Qg5 34.fxe6 Rf8 35.Rf7
Rxf7 36.exf7+ Kxf7 37.Qf3+ Kg6 38.Be2 Qh4+ 39.Kg2 Bd7 40.gxh5+ Kh7 41.Bd3 
Qg5+ 42.Kf1 Bf5 43.Bxe4 Bxe4 44.Qe2 Qf5+ 45.Ke1 Bf3 46.Qf1 Qxh5 47.Kd2 
Qh2+ 48.Kc3 Be4 49.Qe1 a5 50.Qd2 Qh1 51.b4 a4 52.b5 Qb1 53.Qb2 Qd3+ 54.Kb4
Qc4+ 55.Ka5 Qc7+ 56.Bb6 Qc4 57.Qb4 Qc8 58.Qxa4 Bc2 59.Qh4+ Kg6 60.Qd4 Be4 
61.Qc5 Qa8+ 62.Ba7 Kf5 63.Kb6 Kxe5 64.Qe7+ Kf5 65.Qf7+ Kg4 66.Qxg7+ Kf3 
67.Qg5 Ke2 68.a4 Kd3 69.a5 Kc4 70.Qe7 Kb3 71.Qc7 Kb2 72.Qb8 Qxb8 73.Bxb8 
Kc3 74.Bd6 d4 75.exd4 Kd3 76.Bc5 1-0

[Event "46th Bosna it"]
[Site "Sarajevo BIH"]
[Date "2016.06.02"]
[Round "8.56"]
[White "Jelen, Darko"]
[Black "Lipovcic, Marko"]
[Result "1-0"]
[WhiteElo "2018"]
[BlackElo "1281"]
[EventDate "2016.05.28"]
[PlyCount "71"]

1.d4 d5 2.Bf4 Nf6 3.Nf3 c6 4.e3 e6 5.c3 Nbd7 6.Bd3 Be7 7.Qc2 O-O 8.O-O b6 
9.Nbd2 Bb7 10.Ne5 Rc8 11.Rac1 c5 12.a3 c4 13.Be2 Nxe5 14.Bxe5 Bd6 15.Bxd6 
Qxd6 16.Bf3 Bc6 17.Rfe1 Rfd8 18.e4 Qd7 19.e5 Ne8 20.Bd1 Rb8 21.f4 Rb7 22.
g4 Qe7 23.Nf3 f6 24.Qf2 Qf7 25.Bc2 g6 26.Qg3 Ng7 27.Kh1 f5 28.Qh4 Ne8 29.
Qxd8 Re7 30.gxf5 gxf5 31.Ng5 Qf8 32.Rg1 Kh8 33.Rg3 Rd7 34.Nxe6 Qf7 35.Ng5 
Qf8 36.Qc8 1-0

[Event "46th Bosna it"]
[Site "Sarajevo BIH"]
[Date "2016.06.02"]
[Round "8.57"]
[White "Sabanagic, Mirza"]
[Black "Comor, Harun"]
[Result "1/2-1/2"]
[WhiteElo "1612"]
[BlackElo "1761"]
[EventDate "2016.05.28"]
[PlyCount "40"]

1.d4 d5 2.c4 e6 3.Nc3 Nf6 4.Bg5 Nbd7 5.e3 Be7 6.Nf3 h6 7.h4 c5 8.Bd3 dxc4 
9.Bxc4 Nd5 10.Bxe7 Qxe7 11.O-O O-O 12.Rc1 N7f6 13.Bd3 Re8 14.a3 Nxc3 15.
Rxc3 Nd5 16.Rc1 Bd7 17.Qc2 Rac8 18.Ne5 Rc7 19.Nxd7 Qxd7 20.Rfd1 Rec8 
1/2-1/2

[Event "46th Bosna it"]
[Site "Sarajevo BIH"]
[Date "2016.06.03"]
[Round "9.13"]
[White "Jakovljevic, Vlado"]
[Black "Musovic, Armin"]
[Result "0-1"]
[WhiteElo "2395"]
[BlackElo "2203"]
[EventDate "2016.05.28"]
[PlyCount "104"]

1.Nf3 a6 2.e4 e6 3.d4 d5 4.e5 c5 5.c3 Nc6 6.a3 c4 7.Be3 Na5 8.Nbd2 Ne7 9.
Rb1 Bd7 10.h4 Bc6 11.h5 Qd7 12.h6 Ba4 13.Qc1 Nf5 14.hxg7 Bxg7 15.Bf4 O-O-O
16.Be2 Rdg8 17.g3 Ne7 18.Bd1 Bxd1 19.Qxd1 Ng6 20.Bh6 f6 21.exf6 Bxf6 22.b4
Nc6 23.Be3 b5 24.Rh6 Bg7 25.Rh5 e5 26.dxe5 Ngxe5 27.Nxe5 Nxe5 28.Nf3 Nd3+ 
29.Kd2 Rf8 30.Qe2 Qf7 31.Ng5 Qd7 32.Nf3 Re8 33.Qf1 Rhf8 34.Qh1 h6 35.Rf1 
Qg4 36.Nd4 Bxd4 37.cxd4 Rxf2+ 38.Rxf2 Nxf2 39.Bxf2 Qe2+ 40.Kc1 Qxf2 41.Re5
Rxe5 42.dxe5 Qe3+ 43.Kb1 Qb3+ 44.Kc1 Qxa3+ 45.Kc2 Qb3+ 46.Kd2 Qd3+ 47.Kc1 
Qc3+ 48.Kb1 Qxb4+ 49.Kc2 Qb3+ 50.Kd2 Qb2+ 51.Ke3 Qxe5+ 52.Kf2 Qf5+ 0-1

[Event "46th Bosna it"]
[Site "Sarajevo BIH"]
[Date "2016.06.03"]
[Round "9.14"]
[White "Injac, Teodora"]
[Black "Plenca, Jadranko"]
[Result "1/2-1/2"]
[WhiteElo "2185"]
[BlackElo "2390"]
[EventDate "2016.05.28"]
[PlyCount "22"]

1.Nf3 d5 2.c4 d4 3.b4 c5 4.g3 cxb4 5.a3 bxa3 6.Bxa3 Nc6 7.Bg2 g6 8.O-O Bg7
9.d3 Nf6 10.Nbd2 O-O 11.Qc2 Re8 1/2-1/2

[Event "46th Bosna it"]
[Site "Sarajevo BIH"]
[Date "2016.06.03"]
[Round "9.15"]
[White "Nestorovic, Dejan"]
[Black "Sinanovic, Ermin"]
[Result "1-0"]
[WhiteElo "2387"]
[BlackElo "2153"]
[EventDate "2016.05.28"]
[PlyCount "81"]

1.d4 Nf6 2.Nf3 c5 3.d5 e6 4.c4 b5 5.dxe6 fxe6 6.e4 Nxe4 7.cxb5 d5 8.Bd3 
Nf6 9.Bg5 Bd6 10.O-O O-O 11.Re1 Qc7 12.Nc3 Nbd7 13.Bc2 Ne5 14.Bxf6 gxf6 
15.g3 Kh8 16.Nh4 f5 17.Qh5 Qg7 18.Rad1 d4 19.Na4 Bd7 20.Nxc5 Bxc5 21.Rxe5 
Be7 22.Nf3 Bf6 23.Rc5 Rac8 24.Rxc8 Rxc8 25.Bd3 Be8 26.Qh3 Qb7 27.Ne1 Bxb5 
28.Qh6 Bg7 29.Qxe6 Bd7 30.Qd6 Rc6 31.Qd5 Qc8 32.Bb5 Rc7 33.Bxd7 Qxd7 34.
Qxd7 Rxd7 35.Nd3 Kg8 36.Rc1 Kf7 37.Kf1 Bh6 38.Rc6 Bg7 39.Ke2 Re7+ 40.Kd2 
Bf6 41.b4 1-0

[Event "46th Bosna it"]
[Site "Sarajevo BIH"]
[Date "2016.06.03"]
[Round "9.16"]
[White "Arapovic, Vitomir"]
[Black "Michalicka, Milan"]
[Result "0-1"]
[WhiteElo "2350"]
[BlackElo "2164"]
[EventDate "2016.05.28"]
[PlyCount "79"]

1.e4 c5 2.Nf3 g6 3.c3 Bg7 4.d4 cxd4 5.cxd4 d5 6.e5 Bg4 7.Nbd2 Nc6 8.h3 
Bxf3 9.Nxf3 Qb6 10.Be2 e6 11.O-O Nge7 12.b3 O-O 13.g4 f6 14.exf6 Rxf6 15.
Be3 Rff8 16.Qd2 Rae8 17.Rad1 Qb4 18.Qb2 Nc8 19.Ne1 Nd6 20.Nc2 Qb6 21.Kg2 
Qd8 22.f4 Ne4 23.Bd3 Rf7 24.Bxe4 dxe4 25.Na3 Nb4 26.Nc4 Nd3 27.Qc3 Ref8 
28.Ne5 Nxf4+ 29.Bxf4 Rxf4 30.Rxf4 Rxf4 31.Qe3 Bh6 32.Qe2 Qd5 33.Qc4 e3+ 
34.Qxd5 exd5 35.Nf3 Re4 36.Ng1 Kf7 37.Ne2 Ke6 38.Kf3 Bg5 39.Rd3 Kd6 40.Kg3
0-1

[Event "46th Bosna it"]
[Site "Sarajevo BIH"]
[Date "2016.06.03"]
[Round "9.17"]
[White "Aleksic, Neven"]
[Black "Trkulja, Goran"]
[Result "1/2-1/2"]
[WhiteElo "2146"]
[BlackElo "2320"]
[EventDate "2016.05.28"]
[PlyCount "135"]

1.d4 Nf6 2.c4 c5 3.d5 e5 4.Nc3 d6 5.e4 Be7 6.Bd3 Nbd7 7.Nge2 Nf8 8.O-O Ng6
9.Ng3 Nf4 10.Nce2 N6h5 11.Nxf4 Nxf4 12.Bxf4 exf4 13.Nh5 Bf6 14.Nxf6+ Qxf6 
15.e5 dxe5 16.Re1 Kd8 17.b4 b6 18.bxc5 bxc5 19.d6 Rb8 20.Be4 Rb6 21.Qd5 
Qxd6 22.Qxf7 Qe7 23.Rad1+ Bd7 24.Qd5 Kc7 25.Bf3 Re8 26.Qd2 Bc6 27.Qa5 Bxf3
28.gxf3 Kb8 29.Rd5 Qg5+ 30.Kh1 Qh5 31.Rd3 Qg6 32.Rd7 a6 33.Qxc5 Qc6 34.
Qxc6 Rxc6 35.Rb1+ Kc8 36.Rbb7 Rxc4 37.Rxg7 Rg8 38.Kg2 Rxg7+ 39.Rxg7 Rc7 
40.Rg8+ Kb7 41.h4 Kc6 42.h5 Kd5 43.Ra8 Rg7+ 44.Kh3 Rg5 45.Rxa6 Rxh5+ 46.
Kg4 Rh2 47.Ra5+ Kd6 48.Ra4 Kd5 49.Ra5+ Kd6 50.Ra6+ Kd5 51.Ra5+ Kd4 52.Ra4+
Kd3 53.Re4 h5+ 54.Kf5 h4 55.Kxe5 h3 56.Kxf4 Rg2 57.Re8 h2 58.Rh8 Ke2 59.a4
Kxf2 60.a5 Kg1 61.Ke5 Re2+ 62.Kd5 Rd2+ 63.Kc6 Rc2+ 64.Kb6 Rb2+ 65.Kc6 Re2 
66.Kb6 Rb2+ 67.Kc6 Rc2+ 68.Kb6 1/2-1/2

[Event "46th Bosna it"]
[Site "Sarajevo BIH"]
[Date "2016.06.03"]
[Round "9.18"]
[White "Sutkovic, Damir"]
[Black "Petrovic, Marija"]
[Result "1-0"]
[WhiteElo "2316"]
[BlackElo "2055"]
[EventDate "2016.05.28"]
[PlyCount "103"]

1.d4 d5 2.Nc3 c6 3.Bf4 Qb6 4.Na4 Qa5+ 5.c3 Nf6 6.b4 Qd8 7.e3 e6 8.Bd3 Nbd7
9.h3 Be7 10.Nf3 b6 11.O-O Bb7 12.Rb1 Ne4 13.Bxe4 dxe4 14.Nd2 Nf6 15.c4 Qd7
16.Nc3 O-O 17.Qc2 Rfd8 18.Ndxe4 Nxe4 19.Nxe4 c5 20.bxc5 bxc5 21.Nxc5 Bxc5 
22.dxc5 Qc6 23.f3 Rd7 24.Bd6 Rc8 25.Rb4 Re8 26.Rfb1 Bc8 27.Qa4 Qxa4 28.
Rxa4 f6 29.Rb8 Kf7 30.Ra8 a6 31.Rb4 e5 32.Rbb8 Rdd8 33.Kh2 Rg8 34.e4 Ke6 
35.Bc7 Rde8 36.c6 h5 37.g4 g6 38.c5 hxg4 39.hxg4 f5 40.Kg3 Kf6 41.Bd6 fxe4
42.fxe4 g5 43.a3 Rh8 44.Bc7 Ke6 45.Ba5 Kf6 46.c7 Ke7 47.Bd2 Kd7 48.Bxg5 
Kxc7 49.Rb6 Bd7 50.Ra7+ Kc8 51.c6 Be6 52.Rbb7 1-0

[Event "46th Bosna it"]
[Site "Sarajevo BIH"]
[Date "2016.06.03"]
[Round "9.19"]
[White "Terzic, Ilijas"]
[Black "Vajic, Goran"]
[Result "1/2-1/2"]
[WhiteElo "2165"]
[BlackElo "2299"]
[EventDate "2016.05.28"]
[PlyCount "111"]

1.d4 Nf6 2.c4 g6 3.Nc3 Bg7 4.e4 d6 5.Nf3 O-O 6.Be3 Nc6 7.d5 Nb8 8.h3 e5 9.
g4 a5 10.Bd3 Na6 11.Qd2 Nd7 12.O-O-O Ndc5 13.Bb1 f5 14.Bg5 Qe8 15.gxf5 
gxf5 16.Rdg1 f4 17.Bh6 Rf7 18.Nh4 Kh8 19.Rxg7 Rxg7 20.Bxg7+ Kxg7 21.Qd1 
Qf7 22.Nf5+ Bxf5 23.exf5 Rg8 24.Rg1+ Kf8 25.Rg4 Rg7 26.Qf3 Qh5 27.f6 Rxg4 
28.hxg4 Qh4 29.Qg2 h6 30.Ne4 b6 31.Nd2 Qxf6 32.Qh3 Kg7 33.Bf5 a4 34.Kb1 e4
35.Nxe4 Nxe4 36.Bxe4 Qd4 37.Bc2 Nb4 38.g5 Nxc2 39.Qxh6+ Kg8 40.Qg6+ Kf8 
41.Qxc2 Qe5 42.a3 Qxg5 43.Ka2 Qe5 44.f3 b5 45.cxb5 Qxd5+ 46.Ka1 Qxb5 47.
Qxc7 Qd5 48.Qd7 Qd4 49.Qe6 d5 50.Qd6+ Kf7 51.Qd7+ Kf6 52.Qd6+ Kf7 53.Qd7+ 
Kg6 54.Qe6+ Kg7 55.Qe7+ Kg6 56.Qf6+ 1/2-1/2

[Event "46th Bosna it"]
[Site "Sarajevo BIH"]
[Date "2016.06.03"]
[Round "9.20"]
[White "Durakovic, Alman"]
[Black "Musovic, Sabrija"]
[Result "1/2-1/2"]
[WhiteElo "2292"]
[BlackElo "2025"]
[EventDate "2016.05.28"]
[PlyCount "130"]

1.d4 d5 2.c4 c6 3.Nc3 Nf6 4.e3 e6 5.Nf3 Bb4 6.Bd3 c5 7.O-O cxd4 8.exd4 
dxc4 9.Bxc4 O-O 10.Bg5 Be7 11.Qe2 Nc6 12.Rad1 Nd5 13.Bc1 a6 14.Qe4 Ncb4 
15.Rfe1 Bf6 16.a3 Nxc3 17.bxc3 Nd5 18.Bd3 g6 19.Bd2 Bg7 20.c4 Nf6 21.Qh4 
Nh5 22.Qxd8 Rxd8 23.Ba5 Re8 24.Rb1 Nf6 25.Ne5 Nd7 26.Nxd7 Bxd7 27.Rxb7 Bc8
28.Rbb1 Bxd4 29.Be4 Ra7 30.Rec1 Bc5 31.Bb6 Bxb6 32.Rxb6 Rc7 33.c5 Rd8 34.
Kf1 Rd4 35.Ba8 Kf8 36.Ke2 Ke7 37.Ke3 e5 38.c6 f5 39.f3 f4+ 40.Ke2 a5 41.
Rc3 Kd6 42.Bb7 Be6 43.Rb2 g5 44.Ba6 Rxc6 45.Rxc6+ Kxc6 46.Bb7+ Kc5 47.Be4 
Bc4+ 48.Ke1 Bd3 49.Bxd3 Rxd3 50.a4 Rd5 51.Rb7 h6 52.Ke2 Kc4 53.Rb6 Kc3 54.
Rxh6 Rd2+ 55.Kf1 Kb4 56.Rh5 Kxa4 57.Rxg5 Rd5 58.Rg8 Ka3 59.h4 a4 60.Ke2 
Kb2 61.Rb8+ Kc3 62.Rc8+ Kb2 63.Rb8+ Kc3 64.Rc8+ Kb2 65.Rb8+ Kc3 1/2-1/2

[Event "46th Bosna it"]
[Site "Sarajevo BIH"]
[Date "2016.06.03"]
[Round "9.21"]
[White "Sadikovic, Jasmin"]
[Black "Kantorik, Marian"]
[Result "1/2-1/2"]
[WhiteElo "2106"]
[BlackElo "2285"]
[EventDate "2016.05.28"]
[PlyCount "73"]

1.e4 Nf6 2.Nc3 d5 3.exd5 Nxd5 4.Bc4 c6 5.Qf3 e6 6.Nge2 Nd7 7.Qg3 Qf6 8.d3 
Qg6 9.Bd2 Qxg3 10.Nxg3 Be7 11.O-O-O O-O 12.Rde1 N5b6 13.Bb3 Nc5 14.Nf5 Bf6
15.Nd6 Rd8 16.Nce4 Nxb3+ 17.axb3 Be7 18.Nxc8 Raxc8 19.f4 Nd5 20.Nc3 Bf6 
21.Rhf1 g6 22.g4 Nxc3 23.Bxc3 Bxc3 24.bxc3 Re8 25.Re3 Kg7 26.Kd2 Kf6 27.
Rh3 h5 28.g5+ Kg7 29.Re3 Red8 30.Re5 Rd6 31.Rfe1 Kf8 32.b4 a6 33.c4 Ke7 
34.h4 Kd8 35.c3 Kc7 36.d4 Rcd8 37.Kd3 1/2-1/2

[Event "46th Bosna it"]
[Site "Sarajevo BIH"]
[Date "2016.06.03"]
[Round "9.22"]
[White "Strinic, Halid"]
[Black "Obad, Andrija"]
[Result "1-0"]
[WhiteElo "2073"]
[BlackElo "2279"]
[EventDate "2016.05.28"]
[PlyCount "105"]

1.e4 c5 2.Nf3 d6 3.c4 Nc6 4.d4 cxd4 5.Nxd4 Nf6 6.Nc3 g6 7.Be2 Bg7 8.Be3 
O-O 9.O-O Bd7 10.Rc1 a6 11.f3 Rc8 12.Qd2 Nxd4 13.Bxd4 Qa5 14.Rfd1 Rfd8 15.
Qe3 Re8 16.a3 Bc6 17.Bb6 Bh6 18.Qf2 Qg5 19.Rc2 Nd7 20.h4 Qf6 21.Bd4 e5 22.
Be3 Bxe3 23.Qxe3 Qxh4 24.Rxd6 Qe1+ 25.Kh2 Qh4+ 26.Kg1 Nf8 27.b4 Qe1+ 28.
Kh2 Qh4+ 29.Kg1 Ne6 30.Bf1 Red8 31.Rcd2 Nd4 32.Rxd8+ Rxd8 33.b5 axb5 34.
cxb5 Be8 35.a4 Qg3 36.Nd5 Rd6 37.Rb2 Bd7 38.a5 Bc8 39.Ne7+ Kg7 40.Nxc8 Rf6
41.Rb3 Nxf3+ 42.Qxf3 Rxf3 43.Rxf3 Qe1 44.a6 bxa6 45.bxa6 Qc1 46.a7 Qxc8 
47.Kh2 f5 48.Ra3 Qa8 49.Bb5 fxe4 50.Bc6 Qf8 51.Ra2 Qf4+ 52.g3 Qh6+ 53.Kg2 
1-0

[Event "46th Bosna it"]
[Site "Sarajevo BIH"]
[Date "2016.06.03"]
[Round "9.23"]
[White "Zildzic, Kenan"]
[Black "Stojkovska, Monika"]
[Result "1-0"]
[WhiteElo "2135"]
[BlackElo "2030"]
[EventDate "2016.05.28"]
[PlyCount "85"]

1.e4 e6 2.d4 d5 3.Nc3 Bb4 4.Bd3 c5 5.exd5 Qxd5 6.Bd2 Bxc3 7.Bxc3 cxd4 8.
Bxd4 e5 9.Bc3 Nc6 10.Qf3 Qxf3 11.Nxf3 f6 12.O-O-O Be6 13.Nd2 Nge7 14.Ne4 
O-O-O 15.a3 b6 16.Rhe1 Bd5 17.f3 Kc7 18.b4 Nc8 19.Bd2 Nd4 20.Be3 Bxe4 21.
Bxe4 Nb5 22.Kb2 Nbd6 23.Bd3 Ne7 24.c4 Ndf5 25.Bf2 a6 26.a4 Rb8 27.g4 Nd6 
28.c5 bxc5 29.Bxc5 a5 30.Bxd6+ Kxd6 31.Bf5+ Kc6 32.Be4+ Kc7 33.Rc1+ Kb6 
34.Red1 Rhd8 35.Rxd8 Rxd8 36.bxa5+ Kxa5 37.Rc7 Re8 38.Kb3 Kb6 39.Rb7+ Kc5 
40.a5 Nd5 41.a6 Nb6 42.a7 Ra8 43.Rc7+ 1-0

[Event "46th Bosna it"]
[Site "Sarajevo BIH"]
[Date "2016.06.03"]
[Round "9.24"]
[White "Janjic, Nikola"]
[Black "Burovic, Rijad"]
[Result "0-1"]
[WhiteElo "1827"]
[BlackElo "2347"]
[EventDate "2016.05.28"]
[PlyCount "76"]

1.c4 e5 2.Nc3 d6 3.g3 f5 4.Bg2 Nf6 5.e3 c6 6.d4 Be7 7.Nge2 O-O 8.dxe5 dxe5
9.Qxd8 Rxd8 10.b3 Be6 11.Bb2 Na6 12.O-O Rd2 13.Rab1 Rad8 14.Rfd1 Nb4 15.
Rxd2 Rxd2 16.Bc1 Rd3 17.Bb2 a5 18.a4 Nd7 19.Rd1 Rxd1+ 20.Nxd1 Nd3 21.Bc3 
N7c5 22.Bxa5 Nxb3 23.Bc3 Bxc4 24.Bf1 Ba6 25.f4 e4 26.Nd4 Nxd4 27.Bxd4 Nc5 
28.Nc3 Bxf1 29.Kxf1 Nb3 30.Bb6 Nd2+ 31.Ke2 Nc4 32.Ba7 Kf7 33.g4 g6 34.gxf5
gxf5 35.Nd1 Bf6 36.Ke1 Ke6 37.Bc5 Kd5 38.Bb4 Nb2 0-1

[Event "46th Bosna it"]
[Site "Sarajevo BIH"]
[Date "2016.06.03"]
[Round "9.25"]
[White "Pasalic, Harun"]
[Black "Vujicic, Dragisa"]
[Result "1-0"]
[WhiteElo "2253"]
[BlackElo "1896"]
[EventDate "2016.05.28"]
[PlyCount "85"]

1.e4 e5 2.Nf3 Nc6 3.Bc4 Nf6 4.d3 Be7 5.O-O O-O 6.c3 d6 7.a4 h6 8.Na3 a6 9.
Re1 Nh7 10.d4 Bf6 11.h3 Ne7 12.a5 Ng6 13.Nc2 Ng5 14.Nxg5 Bxg5 15.Ne3 Ne7 
16.b3 Bd7 17.dxe5 dxe5 18.Ba3 Kh7 19.Qf3 g6 20.Rad1 Qe8 21.Nd5 Rc8 22.Nf6+
Bxf6 23.Qxf6 Ng8 24.Qf3 Ne7 25.Bd5 c6 26.Bc4 Be6 27.Bxe6 fxe6 28.Qe3 Rf7 
29.Rd6 Ng8 30.Qc5 Rd8 31.Red1 Rxd6 32.Qxd6 Nf6 33.Qxe5 Rd7 34.Rxd7+ Nxd7 
35.Qc7 e5 36.Qxb7 Qe6 37.c4 c5 38.Bxc5 g5 39.Qc7 Kg6 40.Qd6 Nxc5 41.Qxc5 
Kh5 42.Qb6 Qd7 43.g4+ 1-0

[Event "46th Bosna it"]
[Site "Sarajevo BIH"]
[Date "2016.06.03"]
[Round "9.26"]
[White "Zlobec, Srdjan"]
[Black "Schettler, Juergen"]
[Result "1/2-1/2"]
[WhiteElo "2062"]
[BlackElo "2139"]
[EventDate "2016.05.28"]
[PlyCount "28"]

1.d4 Nf6 2.Nf3 d6 3.Bf4 g6 4.h3 Bg7 5.e3 O-O 6.Be2 c5 7.c3 b6 8.O-O Ba6 9.
a4 Qc8 10.Bb5 Bxb5 11.axb5 Qb7 12.Nbd2 a6 13.Qe2 Nd5 14.Bg3 Nc7 1/2-1/2

[Event "46th Bosna it"]
[Site "Sarajevo BIH"]
[Date "2016.06.03"]
[Round "9.29"]
[White "Maksimovic, Bojan"]
[Black "Cunjalo, Faris"]
[Result "1/2-1/2"]
[WhiteElo "2161"]
[BlackElo "1966"]
[EventDate "2016.05.28"]
[PlyCount "86"]

1.e4 c6 2.d4 d5 3.Nc3 dxe4 4.Nxe4 Bf5 5.Ng3 Bg6 6.Nf3 Nd7 7.h4 h6 8.h5 Bh7
9.Bd3 Bxd3 10.Qxd3 e6 11.Bd2 Ngf6 12.O-O-O Bd6 13.Ne4 Nxe4 14.Qxe4 Nf6 15.
Qe2 Qc7 16.Kb1 O-O-O 17.c4 c5 18.Bc3 Rhe8 19.dxc5 Qxc5 20.Ne5 Bxe5 21.Bxe5
b6 22.f3 Rxd1+ 23.Rxd1 Rd8 24.Rxd8+ Kxd8 25.g4 Ke7 26.a3 Ne8 27.Ka2 Qc6 
28.b3 f6 29.Bc3 Nc7 30.Qd3 e5 31.Bb4+ Kf7 32.a4 Ne6 33.Bc3 Nc5 34.Qg6+ Kf8
35.Bxe5 Qe6 36.Bd4 Qe2+ 37.Ka3 Qxf3 38.Bxc5+ bxc5 39.Kb2 Qe2+ 40.Ka3 Qd1 
41.Ka2 Qd2+ 42.Ka3 Qc1+ 43.Ka2 Qd2+ 1/2-1/2

[Event "46th Bosna it"]
[Site "Sarajevo BIH"]
[Date "2016.06.03"]
[Round "9.30"]
[White "Slamar, Velimir"]
[Black "Cabric, Izet"]
[Result "1-0"]
[WhiteElo "2115"]
[BlackElo "1930"]
[EventDate "2016.05.28"]
[PlyCount "60"]

1.Nf3 Nf6 2.d4 g6 3.g3 Bg7 4.Bg2 c5 5.d5 d6 6.O-O O-O 7.c4 a6 8.a4 Qc7 9.
Nc3 Nbd7 10.e4 Ng4 11.Qe2 Rb8 12.h3 Nge5 13.Nxe5 Nxe5 14.f4 Nd7 15.Bd2 Re8
16.Rad1 e6 17.Qd3 b6 18.g4 Bb7 19.g5 f6 20.h4 exd5 21.Nxd5 Qd8 22.Bc3 Kh8 
23.Bh3 Bc6 24.Bxd7 Qxd7 25.gxf6 Qg4+ 26.Kh2 Bh6 27.f7+ Re5 28.fxe5 Rf8 29.
exd6+ Bg7 30.Bxg7+ Kxg7 1-0

[Event "46th Bosna it"]
[Site "Sarajevo BIH"]
[Date "2016.06.03"]
[Round "9.31"]
[White "Sabic, Muris"]
[Black "Alihodzic, Muzafer"]
[Result "0-1"]
[WhiteElo "1971"]
[BlackElo "2094"]
[EventDate "2016.05.28"]
[PlyCount "128"]

1.e4 c6 2.d4 d5 3.Nc3 dxe4 4.Nxe4 Nf6 5.Nxf6+ gxf6 6.Qd3 b6 7.Ne2 Bb7 8.
Bf4 e6 9.O-O-O Na6 10.Kb1 Nb4 11.Qb3 a5 12.a4 c5 13.Rd2 c4 14.Qh3 Nd5 15.
Bh6 Qd7 16.Bxf8 Rxf8 17.Nc3 Rc8 18.Nxd5 Bxd5 19.Qa3 Qe7 20.Qxe7+ Kxe7 21.
c3 b5 22.axb5 Rb8 23.f3 Rg8 24.Rg1 Rxb5 25.Be2 a4 26.Ka1 a3 27.b4 f5 28.f4
Rbb8 29.g3 Ra8 30.Ra2 Kd6 31.Kb1 Ra4 32.Kc2 h5 33.h4 Rh8 34.Rga1 Rg8 35.
Rxa3 Rxa3 36.Rxa3 Rxg3 37.Bxh5 Rg2+ 38.Kc1 Rh2 39.Bxf7 Rxh4 40.Ra7 Rh7 41.
b5 Rh8 42.Ra4 Rb8 43.Rb4 Kc7 44.Bh5 Rh8 45.Be2 Rh1+ 46.Kd2 Rh2 47.Rb2 Kb6 
48.Kc1 Rf2 49.Kd2 Bf3 50.Ke3 Rxe2+ 51.Rxe2 Bxe2 52.Kxe2 Kxb5 53.Ke3 Ka4 
54.d5 exd5 55.Kd4 Kb3 56.Kxd5 Kxc3 57.Ke5 Kd3 58.Kxf5 c3 59.Kg6 c2 60.f5 
c1=Q 61.f6 Qg1+ 62.Kf7 Ke4 63.Ke7 Qa7+ 64.Ke8 Ke5 0-1

[Event "46th Bosna it"]
[Site "Sarajevo BIH"]
[Date "2016.06.03"]
[Round "9.32"]
[White "Colpa, Husein"]
[Black "Nezirovic, Ozren"]
[Result "0-1"]
[WhiteElo "1926"]
[BlackElo "2067"]
[EventDate "2016.05.28"]
[PlyCount "69"]

1.Nf3 g6 2.d4 Bg7 3.c4 d6 4.Nc3 Nf6 5.e4 O-O 6.Be2 e5 7.O-O Nc6 8.d5 Ne7 
9.Bg5 h6 10.Be3 Kh7 11.Nd2 Ne8 12.f4 f5 13.g4 exf4 14.Rxf4 g5 15.Rf1 f4 
16.Bf2 Ng6 17.h3 Ne5 18.Nf3 Qf6 19.Kg2 c5 20.Rb1 b6 21.Qc2 Kg8 22.Rh1 Rb8 
23.Be1 Rb7 24.Nd1 Qg6 25.b4 Nf6 26.Nf2 h5 27.Nxe5 dxe5 28.gxh5 Nxh5 29.Ng4
f3+ 30.Bxf3 Nf4+ 31.Kg3 Qh7 32.h4 Nh5+ 33.Kg2 Rbf7 34.Rb3 Nf4+ 35.Kg3 0-1

[Event "46th Bosna it"]
[Site "Sarajevo BIH"]
[Date "2016.06.03"]
[Round "9.33"]
[White "Hadziselimovic, Bernardina"]
[Black "Sitnic, Adnan"]
[Result "0-1"]
[WhiteElo "1948"]
[BlackElo "2046"]
[EventDate "2016.05.28"]
[PlyCount "88"]

1.e4 Nc6 2.d4 e5 3.Nf3 exd4 4.Nxd4 Qf6 5.Be3 Bc5 6.c3 Nge7 7.Bc4 Ne5 8.Be2
Qg6 9.O-O d5 10.Bh5 Bg4 11.Bxg6 Bxd1 12.Bxf7+ Kxf7 13.Rxd1 Nc4 14.b3 Nxe3 
15.fxe3 dxe4 16.Rf1+ Kg6 17.Nd2 Nd5 18.Nxe4 Bb6 19.Rf3 Rhe8 20.Rg3+ Kf7 
21.Rf1+ Kg8 22.Rf5 Rxe4 23.Rxd5 Rf8 24.Rd7 g6 25.Rh3 h5 26.Rg3 Rf6 27.a4 
a5 28.b4 h4 29.Rh3 axb4 30.cxb4 Rd6 31.Rxd6 cxd6 32.Nf3 Bxe3+ 33.Kf1 g5 
34.Ne1 Bd2 35.Nc2 Rc4 36.Ne1 Rc1 37.Ke2 Bxe1 38.Rb3 Kf7 39.Rf3+ Kg6 40.Rb3
g4 41.b5 Bg3 42.hxg3 h3 43.Rb4 hxg2 44.Rxg4+ Kf5 0-1

[Event "46th Bosna it"]
[Site "Sarajevo BIH"]
[Date "2016.06.03"]
[Round "9.35"]
[White "Tuna, Alp"]
[Black "Nikolovska, Dragana"]
[Result "1/2-1/2"]
[WhiteElo "2034"]
[BlackElo "1875"]
[EventDate "2016.05.28"]
[PlyCount "55"]

1.e4 c5 2.Nf3 d6 3.d4 cxd4 4.Nxd4 Nf6 5.f3 g6 6.c4 Bg7 7.Nc3 O-O 8.Be3 Bd7
9.Be2 Nc6 10.Qd2 a5 11.Ndb5 a4 12.O-O Qa5 13.Rab1 Nb4 14.a3 Nc6 15.h3 Rac8
16.f4 Be6 17.Bd3 Rfd8 18.Qf2 Qa6 19.Rbc1 Na5 20.Bb6 Rd7 21.Nd5 Bxd5 22.
exd5 Nb3 23.Rce1 Nc5 24.Bxc5 Rxc5 25.f5 Rc8 26.Re3 Qb6 27.Rfe1 Re8 28.Kf1 
1/2-1/2

[Event "46th Bosna it"]
[Site "Sarajevo BIH"]
[Date "2016.06.03"]
[Round "9.36"]
[White "Markovic, Dino"]
[Black "Urh, Zala"]
[Result "1/2-1/2"]
[WhiteElo "2013"]
[BlackElo "1860"]
[EventDate "2016.05.28"]
[PlyCount "97"]

1.d4 Nf6 2.c4 e6 3.Nc3 Bb4 4.e3 b6 5.Bd3 Bb7 6.Nf3 O-O 7.O-O Bxc3 8.bxc3 
d6 9.Nd2 e5 10.d5 Nbd7 11.e4 Nc5 12.Qc2 Nfd7 13.Nb3 Qh4 14.f4 exf4 15.Bxf4
Rae8 16.Rae1 a5 17.Nxc5 Nxc5 18.e5 Nxd3 19.Qxd3 Ba6 20.Re3 dxe5 21.Rh3 e4 
22.Rxh4 exd3 23.Bxc7 Re2 24.Rd4 Rfe8 25.Bxb6 d2 26.Bxa5 Bxc4 27.Rxc4 Re1 
28.Rd4 Rxf1+ 29.Kxf1 Re1+ 30.Kf2 d1=Q 31.Rxd1 Rxd1 32.c4 Kf8 33.Bb4+ Ke8 
34.Ke3 Kd7 35.a4 Ra1 36.a5 Ra4 37.Bc3 Rxc4 38.Bxg7 Rc5 39.Ke4 Rxa5 40.g3 
Ra6 41.Be5 Rg6 42.h4 h5 43.Bf4 Ke7 44.Kf5 Kd7 45.d6 Kd8 46.Ke5 Kd7 47.Kf5 
Kc6 48.Be5 Kd7 49.Bf4 1/2-1/2